| 000 | 00500cam a2200193ua 4500 | ||
|---|---|---|---|
| 001 | 6851 | ||
| 008 | 140304n ii |||gr||||Z||||||eng | ||
| 020 | _a978-81-272-6225-9 | ||
| 040 | _cMAIN | ||
| 082 | _a513 | ||
| 245 |
_aCommercial mathematics and statistics _cBy N.K. Nag |
||
| 250 | _a6th ed. | ||
| 260 |
_aLudhiana: _bKalyani publishers, _c2010. |
||
| 300 | _ax,464p. | ||
| 653 | _aArithmetic | ||
| 653 | _aCommercial mathematics and statistics | ||
| 700 |
_aNag,N.K., _eAuthor. |
||
| 942 | _cBK | ||
| 999 |
_c5998 _d5998 |
||